| 000 | 00541nam a2200193 a 4500 | ||
|---|---|---|---|
| 005 | 20240911064737.0 | ||
| 008 | 991125s1977 mx 000 0 spa u | ||
| 035 | _aUPN01000006778 | ||
| 049 | _aCG | ||
| 050 | 4 |
_aHX39.5 _bL3.28 |
|
| 100 | 1 |
_aLenin, Vladimir Ilich, _d1870-1924 |
|
| 245 | 1 | 0 |
_aCarlos Marx y Federico Engels / _cV. I. Lenin. |
| 260 |
_aPekin : _bLenguas Extranjeras, _c1977. |
||
| 300 | _a96 h. | ||
| 600 | 1 | 4 |
_aMARX, KARL, _d1818-1883 |
| 650 | 4 |
_aComunismo _96792 |
|
| 600 | 1 | 4 |
_aENGELS, FRIEDRICH, _d1820-1895 |
| 905 | _aLibro | ||
| 999 |
_c6778 _d6778 |
||